000 01630njm a2200349 i 4500
001 4946
003 ES-MaACL
005 20250430203721.0
007 s|r|||||||||||
008 070831s1983 sp ||| g ||||||||1|nspa d
245 0 0 _aHomenaje en memoria de Liudmila Yivkova
_h[Grabación sonora] /
_cintervienen Rafael Alberti, Juan Antonio Bardem, José Caballero, Ernesto Garrido, Manuel Muñoz Hidalgo, Bartolomé Vicens Fiol ; incluye concierto a cargo de las niñas Lilia Bairova y Rositza Stoicheva.
260 _aMadrid :
_bAteneo de Madrid,
_c1983.
300 _a2 discos (CD-DA) (1 h. 35 min. 49 seg.) ;
_c12 cm.
500 _aDatos basados en la invitación.
518 _aActo organizado por el Ateneo de Madrid y la Embajada de Bulgaria en Madrid, grabado en el salón de actos el miércoles, 16 de marzo de 1983, a las 20:00 h.
600 1 4 _aYivkova, Liudmila (
_d1942-1981)-
_vHomenajes.
_9117640
610 2 4 _aAteneo de Madrid-
_xActos culturales-
_y1983-
_vGrabaciones sonoras.
_91897
700 1 _aAlberti, Rafael,
_d1902-1999
_9240174
700 1 _aBardem, Juan Antonio,
_d1922-2002
_925582
700 1 _aCaballero, José,
_d1915-1991
_933084
700 1 _aGarrido, Ernesto.
_955670
700 0 _aMuñoz Hidalgo, Manuel,
_d1939-
_984434
700 1 _aVicens Fiol, Bartolomé.
_9114318
700 1 _aBairova, Lilia.
_924744
700 1 _aStoicheva, Rositza.
_9108274
710 2 _aAteneo de Madrid.
_91875
710 1 _aBulgaria.
_bEmbajada (España)
_92251
852 _aES-MaACL
_jROT 5/3/34
_95063
_cROT
852 _aES-MaACL
_jROT 5/3/35
_9203640
_cROT
942 _2udc
999 _c4946
_d4946